000
00182 a2200085 4500
020
_a
9780823073337
100
_a
GRANT REID
245
_a
LANDSCAPE GRAPHICS
260
_b
JOHN WILEY & SONS
999
_c
13046
_d
13046